| Tag |
First Indicator |
Second Indicator |
Subfields |
| LEADER |
00000pam a22000004a 4500 |
| 001 |
in00001824607 |
| 005 |
20151026054727.0 |
| 008 |
030723s2004 nyua b 001 0 eng |
| 010 |
|
|
|a 2003016474
|
| 020 |
|
|
|a 0374172811 (hc : alk. paper)
|
| 035 |
|
|
|a (OCoLC)ocm52846598
|
| 040 |
|
|
|a DLC
|c DLC
|d YDX
|d TXA
|d UtOrBLW
|
| 042 |
|
|
|a pcc
|
| 043 |
|
|
|a n-us---
|
| 049 |
|
|
|a TXAM
|
| 050 |
0 |
0 |
|a SF335.5
|b .S86 2004
|
| 082 |
0 |
0 |
|a 636.1/32/0973
|2 22
|
| 100 |
1 |
|
|a Sullivan, John Jeremiah,
|d 1974-
|
| 245 |
1 |
0 |
|a Blood horses :
|b notes of a sportswriter's son /
|c John Jeremiah Sullivan.
|
| 250 |
|
|
|a 1st ed.
|
| 264 |
|
1 |
|a New York :
|b Farrar, Straus, and Giroux,
|c 2004.
|
| 300 |
|
|
|a 261 pages :
|b illustrations ;
|c 22 cm.
|
| 336 |
|
|
|a text
|b txt
|2 rdacontent
|
| 337 |
|
|
|a unmediated
|b n
|2 rdamedia
|
| 338 |
|
|
|a volume
|b nc
|2 rdacarrier
|
| 504 |
|
|
|a Includes bibliographical references (pages 239-245) and index.
|
| 600 |
1 |
0 |
|a Sullivan, John Jeremiah,
|d 1974-
|
| 650 |
|
0 |
|a Race horses
|z United States
|v Anecdotes.
|
| 650 |
|
0 |
|a Thoroughbred horse
|z United States
|v Anecdotes.
|
| 650 |
|
0 |
|a Horse racing
|z United States
|v Anecdotes.
|
| 650 |
|
0 |
|a Horsemen and horsewomen
|z United States
|v Anecdotes.
|
| 856 |
4 |
2 |
|3 Publisher description
|u http://www.loc.gov/catdir/description/hol041/2003016474.html
|t 0
|
| 994 |
|
|
|a E0
|b TXA
|
| 948 |
|
|
|a cataloged
|b h
|c 2004/4/23
|d c
|e jlanham
|f 9:53:01 am
|
| 999 |
|
|
|a MARS
|
| 999 |
f |
f |
|s 3447a32d-6563-368e-9ec8-7f7ff61156f8
|i 0d36f126-6f1f-3ab3-afe5-76c4bd8ac496
|t 0
|
| 952 |
f |
f |
|p ric
|a Texas A&M University
|b Rellis Campus
|c Joint Library Facility
|d Remote Storage
|t 0
|e SF335.5 .S86 2004
|h Library of Congress classification
|i unmediated -- volume
|m A14831070077
|
| 998 |
f |
f |
|a SF335.5 .S86 2004
|t 0
|l Remote Storage
|